000 00578nam a2200229Ia 4500
003 OSt
005 20221007082538.0
006 a|||||r|||| 00| 0
007 ta
008 221006b |||||||| |||| 00| 0 eng d
024 _a21,224
037 _cTextual
040 _aFLL
_cFLL
_beng
041 _2eng
_aeng
082 _aX:545:Z3, N0
100 _aSchmitthoff C.M.
245 0 _aExport trade law & practice in international trade
250 _a9th
260 _c1990
942 _hX:545:Z3, N0
_cTEXL
_2CC
999 _c1166797
_d1166797